[Event "Mecklenburg VP Verbandsliga 2223"]
[Site "Mecklenburg VP"]
[Date "2023.05.07"]
[Round "9.4"]
[White "Rossmann, Andreas"]
[Black "Krueger, Gerhard"]
[Result "1-0"]
[WhiteElo "2073"]
[BlackElo "1972"]
[PlyCount "55"]
[EventDate "2022.10.23"]
[EventType "team-tourn"]
[EventRounds "9"]
[EventCountry "GER"]
[SourceTitle "EXT 2024"]
[Source "ChessBase"]
[SourceDate "2023.10.10"]
[SourceVersion "1"]
[SourceVersionDate "2023.10.10"]
[SourceQuality "1"]
[WhiteTeam "Neubrandenburg SG Eintracht"]
[BlackTeam "Schwerin SF II"]
[WhiteTeamCountry "GER"]
[BlackTeamCountry "GER"]

1. d4 d5 2. Nf3 Nf6 3. g3 e6 4. Bg2 c5 5. e3 Nc6 6. Nbd2 cxd4 7. exd4 Bd6 8. b3 Bd7 9. Bb2 Rc8 10. a3 a5 11. 0-0 0-0 12. Ne5 b5 13. Nxd7 Qxd7 14. c4 bxc4 15. bxc4 dxc4 16. Nxc4 Bc7 17. Rc1 Rfd8 18. Ne5 Nxe5 19. dxe5 Qb5 20. Rxc7 Rxd1 21. Rxc8+ Ne8 22. Rxd1 g6 23. Bc1 Kg7 24. Rdd8 Qxe5 25. Rxe8 h5 26. h4 Qe1+ 27. Bf1 e5 28. Bg5 1-0

[Event "Mecklenburg VP Verbandsliga 2223"]
[Site "Mecklenburg VP"]
[Date "2023.04.23"]
[Round "8.7"]
[White "Dettmann, Holger"]
[Black "Krueger, Gerhard"]
[Result "0-1"]
[WhiteElo "2003"]
[BlackElo "1972"]
[PlyCount "88"]
[EventDate "2022.10.23"]
[EventType "team-tourn"]
[EventRounds "9"]
[EventCountry "GER"]
[SourceTitle "EXT 2024"]
[Source "ChessBase"]
[SourceDate "2023.10.10"]
[SourceVersion "1"]
[SourceVersionDate "2023.10.10"]
[SourceQuality "1"]
[WhiteTeam "Guestrow/Teterow"]
[BlackTeam "Schwerin SF II"]
[WhiteTeamCountry "GER"]
[BlackTeamCountry "GER"]

1. d4 d5 2. Nc3 Nf6 3. Bf4 c6 4. Qd2 Bf5 5. f3 e6 6. g4 Bg6 7. e3 Bd6 8. Nge2 Qc7 9. h4 h6 10. 0-0-0 Nbd7 11. Bxd6 Qxd6 12. Nf4 Bh7 13. g5 Ng8 14. e4 0-0-0 15. Bh3 hxg5 16. hxg5 Ne7 17. Qh2 Nb6 18. exd5 cxd5 19. Nd3 Qxh2 20. Rxh2 Bf5 21. Rdh1 Bxh3 22. Rxh3 Rxh3 23. Rxh3 Nf5 24. Ne2 Kd7 25. Nc5+ Kc6 26. c3 Nc8 27. Nf4 b6 28. Ncd3 Kd6 29. Ne5 Rf8 30. Kd2 Nce7 31. Rh7 f6 32. gxf6 gxf6 33. Nfg6 Rg8 34. Nxe7 Nxe7 35. Nf7+ Kd7 36. Nh6 Rg2+ 37. Ke3 Rh2 38. a4 Rxh6 39. Rxh6 Nf5+ 40. Kf4 Nxh6 41. b3 Nf7 42. Kg4 Ke7 43. f4 Nd6 44. Kf3 Ne4 0-1

[Event "Mecklenburg VP Verbandsliga 1920"]
[Site "Mecklenburg VP"]
[Date "2020.02.02"]
[Round "6.8"]
[White "Krueger, Gerhard"]
[Black "Kriese, Ralf"]
[Result "1-0"]
[WhiteElo "1972"]
[BlackElo "1691"]
[PlyCount "67"]
[EventDate "2019.09.29"]
[EventType "team-tourn"]
[EventRounds "9"]
[EventCountry "GER"]
[SourceTitle "EXT 2023"]
[Source "ChessBase"]
[SourceDate "2022.10.05"]
[SourceVersion "1"]
[SourceVersionDate "2022.10.05"]
[SourceQuality "1"]
[WhiteTeam "Schwerin SF III"]
[BlackTeam "Greifswald II"]
[WhiteTeamCountry "GER"]
[BlackTeamCountry "GER"]

1. e4 e6 2. d4 d5 3. exd5 exd5 4. Bd3 Bd6 5. Ne2 Nf6 6. Bg5 Bg4 7. c3 c6 8. Qb3 b6 9. Nd2 Nbd7 10. 0-0 Qc7 11. g3 0-0 12. Bf4 Bxe2 13. Bxd6 Qxd6 14. Bxe2 Rfe8 15. Rfe1 Re7 16. Bf3 Rae8 17. Kf1 h5 18. Qc2 Rxe1+ 19. Rxe1 Rxe1+ 20. Kxe1 Qe6+ 21. Kf1 Ng4 22. Kg2 g5 23. Qd1 Ndf6 24. h3 Nh6 25. Bxh5 g4 26. Bxg4 Nhxg4 27. hxg4 Nxg4 28. Qf3 Qg6 29. Nf1 Qg5 30. Ne3 Nf6 31. Qf5 Qxf5 32. Nxf5 Ne4 33. Ne7+ Kg7 34. Nxc6 1-0

[Event "Mecklenburg VP Verbandsliga 1920"]
[Site "Mecklenburg VP"]
[Date "2020.01.19"]
[Round "5.7"]
[White "Krueger, Gerhard"]
[Black "Kohn, Thomas2222"]
[Result "1/2-1/2"]
[WhiteElo "1972"]
[BlackElo "1964"]
[PlyCount "27"]
[EventDate "2019.09.29"]
[EventType "team-tourn"]
[EventRounds "9"]
[EventCountry "GER"]
[SourceTitle "EXT 2023"]
[Source "ChessBase"]
[SourceDate "2022.10.05"]
[SourceVersion "1"]
[SourceVersionDate "2022.10.05"]
[SourceQuality "1"]
[WhiteTeam "Schwerin SF III"]
[BlackTeam "Stralsund HSG"]
[WhiteTeamCountry "GER"]
[BlackTeamCountry "GER"]

1. e4 c5 2. Nf3 d6 3. c4 Nc6 4. d4 cxd4 5. Nxd4 g6 6. Nc3 Bg7 7. Be3 Nf6 8. Be2 0-0 9. 0-0 Nxd4 10. Bxd4 Be6 11. f3 Qa5 12. Qa4 Qxa4 13. Nxa4 Nd7 14. Bxg7 1/2-1/2

[Event "Mecklenburg VP Verbandsliga 1920"]
[Site "Mecklenburg VP"]
[Date "2019.12.08"]
[Round "4.5"]
[White "Streit, Bodo"]
[Black "Krueger, Gerhard"]
[Result "1/2-1/2"]
[WhiteElo "1872"]
[BlackElo "1972"]
[PlyCount "87"]
[EventDate "2019.09.29"]
[EventType "team-tourn"]
[EventRounds "9"]
[EventCountry "GER"]
[SourceTitle "EXT 2023"]
[Source "ChessBase"]
[SourceDate "2022.10.05"]
[SourceVersion "1"]
[SourceVersionDate "2022.10.05"]
[SourceQuality "1"]
[WhiteTeam "Grevesmuehlen Blau Weiss"]
[BlackTeam "Schwerin SF III"]
[WhiteTeamCountry "GER"]
[BlackTeamCountry "GER"]

1. b4 e5 2. Bb2 Bxb4 3. Bxe5 Nf6 4. Nf3 0-0 5. e3 d6 6. Bb2 Bg4 7. h3 Bh5 8. c4 Nbd7 9. Qb3 Ba5 10. Bc3 Nc5 11. Qb2 Bxc3 12. Nxc3 Bg6 13. d4 Nce4 14. Nd2 Re8 15. Ncxe4 Nxe4 16. Nf3 c6 17. Be2 Qa5+ 18. Kf1 Qf5 19. g4 Qd7 20. Nh4 Qe6 21. Ng2 f5 22. Nf4 Qf6 23. Rh2 Bf7 24. Rg2 Kh8 25. gxf5 Qxf5 26. d5 Qf6 27. Rb1 cxd5 28. cxd5 Qxb2 29. Rxb2 b6 30. Ba6 Re5 31. Bb7 Rf8 32. Rc2 Nc5 33. Bc6 g5 34. Ne6 Bxe6 35. dxe6 Nxe6 36. Rd2 Rd8 37. e4 h6 38. Rg4 Nf4 39. h4 Rc5 40. Ba4 Rc4 41. Bb3 Rxe4 42. hxg5 hxg5 43. Rxg5 Rde8 44. Rd1 1/2-1/2

[Event "GER-chT Laender Seniors 65+"]
[Site "Templin"]
[Date "2018.09.10"]
[Round "1.4"]
[White "Hahne, Hans Juergen"]
[Black "Krueger, Gerhard"]
[Result "1/2-1/2"]
[WhiteElo "2084"]
[BlackElo "1967"]
[PlyCount "58"]
[EventDate "2018.09.10"]
[EventType "team-swiss"]
[EventRounds "7"]
[EventCountry "GER"]
[SourceTitle "EXT 2020"]
[Source "ChessBase"]
[SourceDate "2019.10.17"]
[SourceVersion "1"]
[SourceVersionDate "2019.10.17"]
[SourceQuality "1"]
[WhiteTeam "Schleswig Holstein"]
[BlackTeam "Mecklenburg Vorpommern"]
[WhiteTeamCountry "GER"]
[BlackTeamCountry "GER"]

1. e4 c5 2. c3 d5 3. exd5 Qxd5 4. d4 Nc6 5. Nf3 Bg4 6. Be2 e6 7. h3 Bh5 8. 0-0 Nf6 9. Na3 a6 10. g4 Bg6 11. Nc4 Qd8 12. Be3 cxd4 13. Nxd4 Nxd4 14. Bxd4 h5 15. Nb6 hxg4 16. Qa4+ Nd7 17. Rad1 Rxh3 18. Qxd7+ Qxd7 19. Nxd7 Kxd7 20. Bxg4 Rh7 21. Bxg7+ Ke7 22. Bd4 Be4 23. f3 Bd5 24. Rfe1 Bxa2 25. Bf5 Rh5 26. Be4 Bd5 27. Bc5+ Kf6 28. Bd4+ Ke7 29. Bc5+ Kf6 1/2-1/2

[Event "GER-chT Seniors 26th"]
[Site "Templin"]
[Date "2017.09.27"]
[Round "3.4"]
[White "Boettcher, Ulrich"]
[Black "Krueger, Gerhard"]
[Result "1-0"]
[WhiteElo "2032"]
[BlackElo "1978"]
[PlyCount "109"]
[EventDate "2017.09.25"]
[EventType "team-swiss"]
[EventRounds "7"]
[EventCountry "GER"]
[SourceTitle "EXT 2019"]
[Source "ChessBase"]
[SourceDate "2018.10.10"]
[SourceVersion "1"]
[SourceVersionDate "2018.10.10"]
[SourceQuality "1"]
[WhiteTeam "Schleswig Holstein II"]
[BlackTeam "Mecklenburg Vorpommern II"]
[WhiteTeamCountry "GER"]
[BlackTeamCountry "GER"]

1. c4 Nf6 2. Nc3 d5 3. cxd5 Nxd5 4. g3 Nxc3 5. bxc3 e5 6. Nf3 Bd6 7. Bg2 0-0 8. 0-0 c6 9. a4 Be6 10. d3 f6 11. e4 Qe7 12. d4 exd4 13. cxd4 Bb4 14. Bd2 Bxd2 15. Qxd2 Rd8 16. a5 Na6 17. Rab1 Rab8 18. h3 Qf7 19. Nh4 Qd7 20. Rfd1 Bxh3 21. Qa2+ Be6 22. d5 cxd5 23. exd5 Bf7 24. Qa3 Nc7 25. d6 Nb5 26. Qc5 a6 27. Nf5 Be6 28. Bd5 Kh8 29. Bxe6 Qxe6 30. Re1 Qc8 31. Qxc8 Rbxc8 32. Re7 g6 33. d7 Rb8 34. Nh6 Rf8 35. Nf7+ Kg8 36. d8Q Rbxd8 37. Nxd8 Rxd8 38. Rxb7 Nd4 39. Ra7 Nf3+ 40. Kg2 Nd2 41. Rbb7 Nc4 42. Rxa6 Nd6 43. Rbb6 Ne4 44. Ra7 f5 45. Rbb7 Ng5 46. Rd7 Re8 47. Rac7 Ra8 48. a6 Ne6 49. Ra7 Rc8 50. Re7 Nc5 51. Rg7+ Kh8 52. Rxh7+ Kg8 53. Rag7+ Kf8 54. a7 Ne6 55. Rh8+ 1-0

[Event "Mecklenburg VP LL2 West 1617"]
[Site "Mecklenburg VP"]
[Date "2017.04.02"]
[Round "8.3"]
[White "Krueger, Gerhard"]
[Black "Tuchtenhagen, Harald"]
[Result "1/2-1/2"]
[WhiteElo "1978"]
[BlackElo "1913"]
[PlyCount "34"]
[EventDate "2016.10.16"]
[EventType "team-tourn"]
[EventRounds "9"]
[EventCountry "GER"]
[SourceTitle "EXT 2022"]
[Source "ChessBase"]
[SourceDate "2021.10.06"]
[SourceVersion "1"]
[SourceVersionDate "2021.10.06"]
[SourceQuality "1"]
[WhiteTeam "Schwerin SF IV"]
[BlackTeam "Parchim SV Blau-Weiss 69"]
[WhiteTeamCountry "GER"]
[BlackTeamCountry "GER"]

1. e4 d5 2. exd5 Nf6 3. d4 Nxd5 4. Nf3 g6 5. c3 Bg7 6. Bd3 0-0 7. 0-0 Nc6 8. h3 e5 9. dxe5 Nxe5 10. Nxe5 Bxe5 11. f4 Bd6 12. f5 Qh4 13. Qf3 Ne7 14. fxg6 hxg6 15. Nd2 Bf5 16. Ne4 Bxe4 17. Bxe4 c6 1/2-1/2

[Event "Mecklenburg VP VL 1516"]
[Site "Mecklenburg VP"]
[Date "2016.04.24"]
[Round "9.5"]
[White "Krueger, Gerhard"]
[Black "Kohn, Thomas2222"]
[Result "1/2-1/2"]
[WhiteElo "1815"]
[BlackElo "1854"]
[PlyCount "45"]
[EventDate "2015.09.20"]
[EventType "team-tourn"]
[EventRounds "9"]
[EventCountry "GER"]
[SourceTitle "EXT 2022"]
[Source "ChessBase"]
[SourceDate "2021.10.06"]
[SourceVersion "1"]
[SourceVersionDate "2021.10.06"]
[SourceQuality "1"]
[WhiteTeam "Schwerin SF IV"]
[BlackTeam "Stralsund FHSG"]
[WhiteTeamCountry "GER"]
[BlackTeamCountry "GER"]

1. e4 c5 2. Nf3 Nc6 3. c4 g6 4. d4 cxd4 5. Nxd4 Bg7 6. Be3 Nf6 7. Nc3 0-0 8. Be2 d6 9. 0-0 Nxd4 10. Bxd4 Be6 11. f3 Qc8 12. Nd5 Bxd5 13. cxd5 Qd7 14. Rc1 Rfc8 15. Qb3 Rxc1 16. Rxc1 Rc8 17. Rc4 Rxc4 18. Qxc4 a6 19. Bd1 Ne8 20. Bxg7 Kxg7 21. Ba4 Qc7 22. Qd4+ Nf6 23. Qc3 1/2-1/2

[Event "Bremen-ch op"]
[Site "Bremen"]
[Date "2016.03.26"]
[Round "9"]
[White "Krueger, Gerhard"]
[Black "Frankenberg, Lea Marie"]
[Result "1-0"]
[WhiteElo "1367"]
[BlackElo "1000"]
[PlyCount "77"]
[EventDate "2016.03.19"]
[EventType "swiss"]
[EventRounds "9"]
[EventCountry "GER"]
[SourceTitle "EXT 2018"]
[Source "ChessBase"]
[SourceDate "2017.10.13"]
[SourceVersion "1"]
[SourceVersionDate "2017.10.13"]
[SourceQuality "1"]

1. e4 e5 2. Nf3 Nc6 3. Bb5 Nf6 4. Nc3 Bc5 5. 0-0 0-0 6. h3 b6 7. Bxc6 dxc6 8. d3 Bb7 9. Nxe5 Qd6 10. Nf3 Nh5 11. Kh1 Rae8 12. Ne2 Bc8 13. Be3 Re6 14. Qd2 Bb4 15. c3 Bc5 16. d4 Ba6 17. Rae1 Bxe2 18. Rxe2 Rg6 19. dxc5 bxc5 20. g4 Ng3+ 21. fxg3 Qxg3 22. Rh2 Rh6 23. Bf4 Rd6 24. Bxg3 Rxd2 25. Rxd2 h6 26. Rd7 Kh7 27. Rfd1 Rb8 28. R1d2 a5 29. Rxc7 Rb6 30. Ra7 Rb5 31. Rxf7 Kg8 32. Ra7 Rb8 33. b3 Kh7 34. Bxb8 Kg6 35. Rd6+ Kh7 36. Nh4 h5 37. Nf5 Kg8 38. Nh6+ gxh6 39. Rd8# 1-0

[Event "Bremen-ch op"]
[Site "Bremen"]
[Date "2016.03.23"]
[Round "6"]
[White "Krueger, Gerhard"]
[Black "Borbely, Kurt"]
[Result "1/2-1/2"]
[WhiteElo "1367"]
[BlackElo "1054"]
[PlyCount "64"]
[EventDate "2016.03.19"]
[EventType "swiss"]
[EventRounds "9"]
[EventCountry "GER"]
[SourceTitle "EXT 2018"]
[Source "ChessBase"]
[SourceDate "2017.10.13"]
[SourceVersion "1"]
[SourceVersionDate "2017.10.13"]
[SourceQuality "1"]

1. e4 e6 2. d4 d5 3. Nc3 c5 4. exd5 exd5 5. Nf3 a6 6. h3 Nc6 7. Be2 Qb6 8. 0-0 Nf6 9. Be3 Be6 10. Na4 Qa5 11. Nxc5 Bxc5 12. dxc5 Ne4 13. a3 Qc7 14. Nd4 Nxd4 15. Qxd4 0-0 16. b4 Rad8 17. Rad1 f6 18. Qb2 Qe5 19. Rd4 f5 20. f4 Qf6 21. Qc1 Ng3 22. Re1 Nxe2+ 23. Rxe2 Bf7 24. Red2 Rfe8 25. R2d3 Re4 26. Qd2 h6 27. Kh2 Rde8 28. Rxe4 fxe4 29. Bd4 Qf5 30. Rg3 g6 31. Be5 Rd8 32. Qd4 Rd7 1/2-1/2

[Event "Mecklenburg VP VL 1516"]
[Site "Mecklenburg VP"]
[Date "2016.01.17"]
[Round "5.4"]
[White "Schulz, Bernd"]
[Black "Krueger, Gerhard"]
[Result "1/2-1/2"]
[WhiteElo "1882"]
[BlackElo "1815"]
[PlyCount "44"]
[EventDate "2015.09.20"]
[EventType "team-tourn"]
[EventRounds "9"]
[EventCountry "GER"]
[SourceTitle "EXT 2022"]
[Source "ChessBase"]
[SourceDate "2021.10.06"]
[SourceVersion "1"]
[SourceVersionDate "2021.10.06"]
[SourceQuality "1"]
[WhiteTeam "Wismar ASV Gruen-Weiss"]
[BlackTeam "Schwerin SF IV"]
[WhiteTeamCountry "GER"]
[BlackTeamCountry "GER"]

1. e4 c5 2. Nf3 Nc6 3. d4 cxd4 4. Nxd4 e5 5. Nb5 a6 6. Nd6+ Bxd6 7. Qxd6 Qf6 8. Qxf6 Nxf6 9. Bd3 d5 10. exd5 Nxd5 11. c3 Be6 12. 0-0 Rd8 13. Bc2 0-0 14. Re1 Rd7 15. Nd2 Nf4 16. Ne4 Nd3 17. Bxd3 Rxd3 18. Nc5 Rd6 19. Nxb7 Rd5 20. Be3 Rb5 21. Nc5 Rxb2 22. Nxe6 fxe6 1/2-1/2

[Event "GER-chT Seniors 24th"]
[Site "Berlin"]
[Date "2015.09.09"]
[Round "4.4"]
[White "Krotofil, Kurt"]
[Black "Krueger, Gerhard"]
[Result "1/2-1/2"]
[WhiteElo "1958"]
[BlackElo "2034"]
[PlyCount "52"]
[EventDate "2015.09.06"]
[EventType "team-swiss"]
[EventRounds "7"]
[EventCountry "GER"]
[SourceTitle "EXT 2018"]
[Source "ChessBase"]
[SourceDate "2017.10.13"]
[SourceVersion "1"]
[SourceVersionDate "2017.10.13"]
[SourceQuality "1"]
[WhiteTeam "Hamburg Seniors II"]
[BlackTeam "Mecklenburg Vorpommern Seniors II"]
[WhiteTeamCountry "GER"]
[BlackTeamCountry "GER"]

1. d4 d5 2. c4 c6 3. Nf3 e6 4. e3 Nf6 5. Nc3 Nbd7 6. Bd3 dxc4 7. Bxc4 b5 8. Bd3 a6 9. 0-0 Bb7 10. Bd2 Rc8 11. Rc1 c5 12. dxc5 Nxc5 13. Be2 Bd6 14. Nd4 Bb8 15. Bf3 Bxf3 16. Qxf3 0-0 17. Rfd1 Qd6 18. a3 Nd3 19. Rb1 Rfd8 20. Ne4 Nxe4 21. Qxe4 Nc5 22. Qf3 e5 23. Nf5 Qe6 24. Bb4 Rxd1+ 25. Rxd1 g6 26. Bxc5 gxf5 1/2-1/2

[Event "Bremen-ch op"]
[Site "Bremen"]
[Date "2015.04.01"]
[Round "6"]
[White "Ernst, Herwarth"]
[Black "Krueger, Gerhard"]
[Result "1-0"]
[WhiteElo "1950"]
[BlackElo "1398"]
[PlyCount "67"]
[EventDate "2015.03.28"]
[EventType "swiss"]
[EventRounds "9"]
[EventCountry "GER"]
[SourceTitle "EXT 2018"]
[Source "ChessBase"]
[SourceDate "2017.10.13"]
[SourceVersion "1"]
[SourceVersionDate "2017.10.13"]
[SourceQuality "1"]

1. e4 c5 2. Nf3 Nc6 3. d4 cxd4 4. Nxd4 g6 5. c4 Nf6 6. Nc3 Bg7 7. Be3 d6 8. Be2 0-0 9. 0-0 Bd7 10. Rc1 Rc8 11. h3 a6 12. Qd2 Re8 13. b3 a5 14. Bd3 Nh5 15. Bb1 Nb4 16. Rcd1 Na6 17. Ndb5 Nc5 18. f4 Ng3 19. Rfe1 Bc6 20. Bf2 Nh5 21. e5 dxe5 22. Bxc5 Bxb5 23. Qxd8 Rcxd8 24. Nxb5 Rc8 25. Bb6 Nxf4 26. Bxa5 Ne6 27. Bc3 f6 28. Rd7 Rb8 29. Bb4 Bf8 30. Be4 Kh8 31. Bxb7 Red8 32. Rxd8 Rxd8 33. c5 Nf4 34. Ba5 1-0